panstwa imperium rosyjskiego - Statystyki

Ogólne statystyki
  • Ten quiz został rozwiązany 81 razy
  • Średni wynik to 17 z 19
Statystyki odpowiedzi
podpowiedź odpowiedź % Poprawnych
zabór Polska
100%
bez Kłajpedy Litwa
97%
całość Łotwa
97%
większość Ukraina
97%
całość Estonia
96%
całość Finlandia
94%
całość Kazachstan
91%
całość Uzbekistan
91%
malutka część chiny
88%
calość Mołdawia
88%
całość Białoruś
87%
całość Tadżykistan
87%
nie wiem dlaczego rosja
85%
całość Turkmenistan
85%
całość Gruzja
84%
calośc Kirgistan
82%
całość Armenia
81%
całość Azerbejdżan
79%
kawałek Turcja
67%
Nie znaleziono quizów pasujących do podanych kryteriów
Rozkład punktacji
Procent ludzi z każdym wynikiem
Percentyl według liczby udzielonych odpowiedzi
Twoja historia wyników
Nie rozwiązałeś tego quizu